[Event "Starogard Gdanski-ch"]
[Site "Starogard Gdanski"]
[Date "2017.11.17"]
[Round "7.3"]
[White "Karcz, Andrzej"]
[Black "Wrzos, Waldemar"]
[Result "0-1"]
[WhiteElo "1083"]
[BlackElo "1630"]
[PlyCount "82"]
[EventDate "2017.10.06"]
[EventType "tourn"]
[EventRounds "9"]
[EventCountry "POL"]
[SourceTitle "EXT 2023"]
[Source "ChessBase"]
[SourceDate "2022.10.05"]
[SourceVersion "1"]
[SourceVersionDate "2022.10.05"]
[SourceQuality "1"]

1. c4 e5 2. e3 Nc6 3. d4 d6 4. d5 Nce7 5. e4 Ng6 6. g3 Nf6 7. Bg5 Be7 8. Nc3 Nxd5 9. Nxd5 Bxg5 10. h4 Be7 11. h5 Nf8 12. Be2 h6 13. Bg4 Ne6 14. Bxe6 Bxe6 15. b3 0-0 16. Qd2 f5 17. Nxe7+ Qxe7 18. Rh4 f4 19. 0-0-0 Rf7 20. Rh2 Raf8 21. Ne2 Bg4 22. Rf1 Bxe2 23. Qxe2 fxg3 24. Rg2 Rxf2 25. Rfxf2 gxf2 26. Rxf2 Qg5+ 27. Kc2 Rxf2 28. Qxf2 Qxh5 29. Qxa7 Qe2+ 30. Kc3 Qxe4 31. Qb8+ Kh7 32. Qxc7 Qd4+ 33. Kb4 b6 34. Qd7 Qd2+ 35. Ka3 Qd3 36. Qc6 e4 37. Ka4 e3 38. Qf3 Kg8 39. Kb5 Qd4 40. Kb4 Qe5 41. Qe2 Qa5# 0-1

[Event "Starogard Gdanski-ch"]
[Site "Starogard Gdanski"]
[Date "2017.11.10"]
[Round "6.3"]
[White "Szarmach, Andrzej"]
[Black "Karcz, Andrzej"]
[Result "1-0"]
[WhiteElo "1767"]
[BlackElo "1083"]
[PlyCount "120"]
[EventDate "2017.10.06"]
[EventType "tourn"]
[EventRounds "9"]
[EventCountry "POL"]
[SourceTitle "EXT 2023"]
[Source "ChessBase"]
[SourceDate "2022.10.05"]
[SourceVersion "1"]
[SourceVersionDate "2022.10.05"]
[SourceQuality "1"]

1. e4 e5 2. Nf3 d6 3. Bc4 h6 4. d4 Bg4 5. dxe5 Nc6 6. exd6 Bxd6 7. Nbd2 Ne5 8. Be2 Qe7 9. Nxe5 Bxe2 10. Qxe2 Bxe5 11. Nf3 0-0-0 12. Nxe5 Qxe5 13. 0-0 Kb8 14. f4 Qe8 15. e5 Ne7 16. Bd2 Nc6 17. Bc3 Rg8 18. Rad1 Rxd1 19. Rxd1 Qe7 20. Qe4 f6 21. Qc4 Rd8 22. Rxd8+ Qxd8 23. exf6 gxf6 24. Kf2 f5 25. Kg3 Qe8 26. Qd5 Qe3+ 27. Qf3 Qe8 28. h3 Nd8 29. Kh2 h5 30. Qd5 Nf7 31. Qxf5 Nd6 32. Qe5 Qf7 33. Qh8+ Nc8 34. Be5 b6 35. b3 Kb7 36. Qg7 Nd6 37. Qxf7 Nxf7 38. g4 hxg4 39. hxg4 c6 40. g5 Kc8 41. g6 Nh6 42. Kh3 Kd7 43. Kh4 Ke6 44. Kg5 Ng8 45. Bb2 Ne7 46. g7 Kf7 47. f5 Nd5 48. c4 Ne7 49. f6 Ng8 50. Kf5 Nh6+ 51. Ke5 Ng4+ 52. Kd6 c5 53. Kc6 Ne3 54. Kb7 b5 55. cxb5 c4 56. Kxa7 Nd1 57. Bc1 c3 58. b6 Nb2 59. b7 Nd3 60. b8Q Nxc1 1-0

[Event "Starogard Gdanski-ch"]
[Site "Starogard Gdanski"]
[Date "2017.10.13"]
[Round "2.1"]
[White "Zwara, Karolina"]
[Black "Karcz, Andrzej"]
[Result "0-1"]
[WhiteElo "1000"]
[BlackElo "1083"]
[PlyCount "50"]
[EventDate "2017.10.06"]
[EventType "tourn"]
[EventRounds "9"]
[EventCountry "POL"]
[SourceTitle "EXT 2023"]
[Source "ChessBase"]
[SourceDate "2022.10.05"]
[SourceVersion "1"]
[SourceVersionDate "2022.10.05"]
[SourceQuality "1"]

1. d4 e6 2. e3 d5 3. Nf3 c5 4. Nc3 a6 5. Bd3 c4 6. Be2 b5 7. 0-0 Bd7 8. Bd2 b4 9. Nxd5 exd5 10. Ne5 Nc6 11. Nf3 Nf6 12. a4 a5 13. Ng5 h6 14. Nf3 Bd6 15. g3 Bh3 16. Re1 Ne4 17. Bd3 cxd3 18. cxd3 Nf6 19. Rc1 Rc8 20. Re2 Bg4 21. Re1 0-0 22. Rc2 Qd7 23. Qc1 Bxf3 24. Rf1 Qh3 25. Re1 Qg2# 0-1